[Event "44th Chess Olympiad Women 2022"]
[Site "Chennai"]
[Date "2022.08.05"]
[Round "7.3"]
[White "Peng, Zhaoqin"]
[Black "Muzychuk, Anna"]
[Result "0-1"]
[WhiteElo "2349"]
[BlackElo "2529"]
[Annotator "TA"]
[PlyCount "82"]
[EventDate "2022.07.29"]
[EventType "team-tourn"]
[EventCountry "IND"]
[SourceTitle "playchess.com"]
[Source "ChessBase"]
[SourceQuality "1"]
[WhiteTeam "Netherlands"]
[BlackTeam "Ukraine"]
[WhiteTeamCountry "NED"]
[BlackTeamCountry "UKR"]

1. d4 Nf6 2. c4 g6 3. Nc3 d5 4. cxd5 Nxd5 5. Nf3 Bg7 6. Bd2 c5 7. e4 Nxc3 8. Bxc3 cxd4 9. Bb5+ Bd7 10. Bxd7+ Nxd7 11. Nxd4 Nc5 12. f3 O-O 13. Qd2 Qb6 14. Rd1 Rfd8 15. Qc2 Rac8 16. Ne2 Rxd1+ 17. Kxd1 Rd8+ 18. Kc1 Nd3+ 19. Kb1 Nxb2 20. Qxb2 Qxb2+ 21. Bxb2 Bxb2 22. Kc2 Be5 23. Rb1 b6 24. f4 Bd6 25. e5 Bc5 26. Rb3 f6 27. exf6 exf6 28. f5 Re8 29. Ng3 Bd6 30. Rd3 Bxg3 31. Rxg3 Re2+ 32. Kb3 g5 33. h4 h6 34. hxg5 fxg5 35. a3 Kg7 36. Kb4 Kf6 37. Kb5 Re5+ 38. Ka6 Ra5+ 39. Kb7 Kxf5 40. Rh3 h5 41. Rf3+ Ke5 0-1

[Event "44th Chess Olympiad Women 2022"]
[Site "Chennai"]
[Date "2022.08.05"]
[Round "7.3"]
[White "Lanchava, Tea"]
[Black "Buksa, Nataliya"]
[Result "0-1"]
[WhiteElo "2257"]
[BlackElo "2401"]
[Annotator "TA"]
[PlyCount "112"]
[EventDate "2022.07.29"]
[EventType "team-tourn"]
[EventCountry "IND"]
[SourceTitle "playchess.com"]
[Source "ChessBase"]
[SourceQuality "1"]
[WhiteTeam "Netherlands"]
[BlackTeam "Ukraine"]
[WhiteTeamCountry "NED"]
[BlackTeamCountry "UKR"]

1. c4 e6 2. Nf3 d5 3. e3 Nf6 4. b3 c5 5. Bb2 Nc6 6. cxd5 exd5 7. Bb5 Bd6 8. O-O O-O 9. d4 cxd4 10. Nxd4 Bc7 11. Nd2 Nxd4 12. Bxd4 Qd6 13. g3 Ba5 14. a3 Bh3 15. Re1 Bxd2 16. Qxd2 Ne4 17. Qe2 Qe6 18. Bd3 Rac8 19. b4 a6 20. a4 Ng5 21. f3 Bf5 22. Rf1 Qg6 23. Rad1 h5 24. h4 Ne6 25. Be5 f6 26. Bxf5 Qxf5 27. Ba1 Rc4 28. e4 Qh3 29. exd5 Qxg3+ 30. Qg2 Qxg2+ 31. Kxg2 Nf4+ 32. Kf2 Rd8 33. d6 Rc6 34. d7 Rc7 35. Rd4 Ne6 36. Rd6 Nf8 37. Rd5 Rdxd7 38. Rxh5 Rc4 39. Rg1 Kf7 40. Rg4 Rc2+ 41. Ke3 Ra2 42. Bc3 Rxa4 43. Rc5 Ra3 44. Rc8 Ne6 45. Rgc4 b5 46. R4c6 a5 47. Kf2 axb4 48. Bxb4 Rb3 49. Be1 Nd4 50. Rc3 Rb2+ 51. Kf1 Ne6 52. Re3 Nf4 53. Rc1 Rh2 54. Rcc3 Rd1 55. Rb3 Nh3 56. Rxb5 Rf2# 0-1

[Event "44th Chess Olympiad Women 2022"]
[Site "Chennai"]
[Date "2022.08.05"]
[Round "7.4"]
[White "Kashlinskaya, Alina"]
[Black "Salimova, Nurgyul"]
[Result "0-1"]
[WhiteElo "2505"]
[BlackElo "2416"]
[Annotator "TA"]
[PlyCount "110"]
[EventDate "2022.07.29"]
[EventType "team-tourn"]
[EventCountry "IND"]
[SourceTitle "playchess.com"]
[Source "ChessBase"]
[SourceQuality "1"]
[WhiteTeam "Poland"]
[BlackTeam "Bulgaria"]
[WhiteTeamCountry "POL"]
[BlackTeamCountry "BUL"]

1. d4 d5 2. c4 e6 3. Nf3 Nf6 4. Nc3 c6 5. Bg5 dxc4 6. e4 b5 7. e5 h6 8. Bh4 g5 9. Nxg5 hxg5 10. Bxg5 Be7 11. exf6 Bxf6 12. Bxf6 Qxf6 13. g3 Na6 14. Bg2 Bb7 15. Ne4 Qe7 16. O-O O-O-O 17. h4 c5 18. a4 Rxd4 19. Qe2 b4 20. Rac1 Bd5 21. Rfe1 Nb8 22. Nd2 Bxg2 23. Kxg2 Qb7+ 24. Nf3 Qd5 25. Qe5 Qxe5 26. Nxe5 Nd7 27. Rxc4 Rxc4 28. Nxc4 Kc7 29. a5 Nb8 30. Ne5 Rh7 31. Rd1 Nc6 32. Nxc6 Kxc6 33. Kf3 f6 34. Ke3 Kb5 35. Rd8 Ka4 36. Kd2 Kb3 37. Kc1 c4 38. Rd6 Rh5 39. Rxe6 Rxa5 40. Re3+ c3 41. bxc3 bxc3 42. Kb1 Rd5 43. Kc1 a5 44. Re6 Rb5 45. h5 a4 46. h6 a3 47. h7 a2 48. Ra6 Rh5 49. Rb6+ Kc4 50. Ra6 a1=Q+ 51. Rxa1 Kd3 52. Kb1 Rxh7 53. Ra3 Kd2 54. Ra2+ Kd1 55. f4 Rb7+ 0-1

[Event "44th Chess Olympiad Women 2022"]
[Site "Chennai"]
[Date "2022.08.05"]
[Round "7.4"]
[White "Kiolbasa, Oliwia"]
[Black "Krasteva, Beloslava"]
[Result "1-0"]
[WhiteElo "2376"]
[BlackElo "2249"]
[Annotator "TA"]
[PlyCount "119"]
[EventDate "2022.07.29"]
[EventType "team-tourn"]
[EventCountry "IND"]
[SourceTitle "playchess.com"]
[Source "ChessBase"]
[SourceQuality "1"]
[WhiteTeam "Poland"]
[BlackTeam "Bulgaria"]
[WhiteTeamCountry "POL"]
[BlackTeamCountry "BUL"]

1. e4 c5 2. Nf3 d6 3. d4 cxd4 4. Nxd4 Nf6 5. Nc3 a6 6. h3 e6 7. g4 Be7 8. g5 Nfd7 9. Be3 b5 10. a3 Bb7 11. h4 Nc6 12. Qd2 Nc5 13. f4 O-O 14. Rh3 Nxd4 15. Bxd4 e5 16. Bxc5 dxc5 17. O-O-O exf4 18. Qxf4 Qb8 19. Qxb8 Raxb8 20. Nd5 Bd8 21. Rf3 Re8 22. Rf4 Bc6 23. Bh3 a5 24. Rdf1 Rb7 25. Bg4 c4 26. c3 g6 27. Bh3 Kg7 28. Rd1 h6 29. Nf6 Bxf6 30. gxf6+ Kg8 31. Rd4 Rbb8 32. Kd2 Rbd8 33. Ke3 Kf8 34. Bg2 Bd7 35. Rf2 Be6 36. Rfd2 Rb8 37. Bf1 Rbc8 38. Kf4 Rc5 39. Rd8 g5+ 40. hxg5 hxg5+ 41. Ke3 Rc8 42. Rh2 Kg8 43. Rxe8+ Rxe8 44. Rh5 Rb8 45. Rxg5+ Kh7 46. Be2 Rb6 47. Bf3 Kh6 48. Rh5+ Kg6 49. e5 Bd5 50. Bd1 b4 51. axb4 axb4 52. Kf4 bxc3 53. Rh8 Rxf6+ 54. exf6 cxb2 55. Rb8 c3 56. Ke5 Be6 57. Bc2+ Kg5 58. Rg8+ Kh4 59. Rg1 Ba2 60. Kd4 1-0

[Event "44th Chess Olympiad Women 2022"]
[Site "Chennai"]
[Date "2022.08.05"]
[Round "7.4"]
[White "Peycheva, Gergana"]
[Black "Socko, Monika"]
[Result "1/2-1/2"]
[WhiteElo "2295"]
[BlackElo "2416"]
[Annotator "TA"]
[PlyCount "163"]
[EventDate "2022.07.29"]
[EventType "team-tourn"]
[EventCountry "IND"]
[SourceTitle "playchess.com"]
[Source "ChessBase"]
[SourceQuality "1"]
[WhiteTeam "Bulgaria"]
[BlackTeam "Poland"]
[WhiteTeamCountry "BUL"]
[BlackTeamCountry "POL"]

1. d4 Nf6 2. c4 e6 3. Nc3 Bb4 4. Qc2 O-O 5. e4 d6 6. e5 Ne8 7. Nf3 c5 8. dxc5 dxe5 9. Nxe5 Bxc5 10. Bd3 f5 11. O-O Nd7 12. Bf4 Nxe5 13. Bxe5 Nf6 14. Rad1 Bd7 15. Be2 Qe8 16. Bf3 Bc6 17. Qe2 Rc8 18. Rfe1 Bxf3 19. Qxf3 Ng4 20. Rd2 Rd8 21. Rde2 b6 22. Bg3 Qf7 23. Rxe6 Rd4 24. h3 Nf6 25. Qxf5 Rxc4 26. Bd6 Bxd6 27. Rxd6 Rc5 28. Qe6 h6 29. Qxf7+ Rxf7 30. Re2 Rf5 31. g3 h5 32. Kg2 g5 33. Rde6 Kf8 34. R6e5 Nd7 35. Rxf5 Rxf5 36. Re4 Nc5 37. Rd4 Ke7 38. Nd5+ Ke6 39. Ne3 Re5 40. Rd8 Kf7 41. Ra8 Re7 42. Rh8 Kg6 43. Rh6+ Kxh6 44. Nf5+ Kh7 45. Nxe7 Nd3 46. Nc8 Nxb2 47. Nxa7 Kg6 48. Kf3 Kf5 49. Nc8 g4+ 50. hxg4+ hxg4+ 51. Ke2 Nc4 52. Kd3 Ne5+ 53. Kd4 Nc6+ 54. Ke3 Nb4 55. a4 Nd5+ 56. Kd4 Ke6 57. Nxb6 Nxb6 58. a5 Nd7 59. Ke4 Nc5+ 60. Kf4 Nd3+ 61. Kxg4 Nxf2+ 62. Kf3 Nd3 63. a6 Ne5+ 64. Kf4 Nc6 65. Kg5 Kf7 66. Kf5 Na7 67. Ke5 Kg6 68. Kd6 Kg5 69. Kc7 Kg4 70. Kb7 Nb5 71. Kb6 Nd6 72. Kc6 Nc8 73. Kc7 Na7 74. Kb8 Nb5 75. Kb7 Kxg3 76. Kb6 Nd6 77. Kc6 Nc8 78. Kb7 Nd6+ 79. Kc7 Nb5+ 80. Kb6 Nd6 81. Kc7 Nb5+ 82. Kb6 1/2-1/2

[Event "44th Chess Olympiad Women 2022"]
[Site "Chennai"]
[Date "2022.08.05"]
[Round "7.4"]
[White "Antova, Gabriela"]
[Black "Malicka, Maria"]
[Result "1/2-1/2"]
[WhiteElo "2275"]
[BlackElo "2393"]
[Annotator "TA"]
[PlyCount "190"]
[EventDate "2022.07.29"]
[EventType "team-tourn"]
[EventCountry "IND"]
[SourceTitle "playchess.com"]
[Source "ChessBase"]
[SourceQuality "1"]
[WhiteTeam "Bulgaria"]
[BlackTeam "Poland"]
[WhiteTeamCountry "BUL"]
[BlackTeamCountry "POL"]

1. d4 Nf6 2. Nf3 e6 3. Bg5 h6 4. Bh4 b6 5. Nbd2 Bb7 6. e3 c5 7. c3 Be7 8. Bd3 g5 9. Bg3 g4 10. Ne5 h5 11. Nec4 d6 12. dxc5 dxc5 13. Qc2 h4 14. Bxb8 Qxb8 15. Ne4 Qc7 16. O-O-O O-O-O 17. Nxf6 Bxf6 18. Be4 Be7 19. h3 g3 20. f3 f5 21. Bxb7+ Qxb7 22. a4 Rd5 23. Rxd5 Qxd5 24. Qb3 Rd8 25. Rd1 Qxd1+ 26. Qxd1 Rxd1+ 27. Kxd1 Kc7 28. b3 a6 29. Ke2 b5 30. axb5 axb5 31. Na3 Kc6 32. c4 bxc4 33. bxc4 Bf6 34. Kd3 Kd6 35. Nb5+ Kc6 36. Na3 Kd6 37. Nc2 Bg7 38. Ne1 Bf6 39. Kc2 Bd8 40. f4 e5 41. fxe5+ Kxe5 42. Kd3 Ke6 43. Nf3 Be7 44. e4 f4 45. Kc2 Kd6 46. Kb3 Bd8 47. Ka4 Kc6 48. Ka3 Kd6 49. Kb3 Kd7 50. Ka4 Kc6 51. Kb3 Kd7 52. Kc2 Ke6 53. Kd1 Kd6 54. Ke2 Be7 55. Kd3 Ke6 56. Kc3 Kd6 57. Kc2 Bd8 58. Kb2 Bf6+ 59. e5+ Bxe5+ 60. Kc2 Bf6 61. Kd3 Kc6 62. Ke4 Kb6 63. Kxf4 Ka5 64. Kf5 Bd8 65. Kg4 Kb4 66. Nxh4 Kxc4 67. Nf3 Bc7 68. h4 Kd5 69. h5 Ke6 70. Nd2 Kf7 71. Nc4 Kg7 72. Ne3 Kh7 73. Kg5 Bd8+ 74. Kg4 Bc7 75. Nc4 Kh6 76. Nd2 Kh7 77. Nc4 Kh6 78. Ne3 Kh7 79. Nf5 c4 80. Kf3 c3 81. Ke2 Be5 82. Kd3 Kg8 83. Ne3 Kh7 84. Ke4 Bg7 85. Kd3 Be5 86. Nf5 Kg8 87. Ne3 Kh7 88. Kc2 Bg7 89. Kd3 Be5 90. Nc4 Bh8 91. Nd6 Be5 92. Nf5 Kg8 93. Ne3 Kh7 94. Nd5 Kh6 95. Nxc3 Kxh5 1/2-1/2

[Event "44th Chess Olympiad Women 2022"]
[Site "Chennai"]
[Date "2022.08.05"]
[Round "7.5"]
[White "Danielian, Elina"]
[Black "Efroimski, Marsel"]
[Result "1/2-1/2"]
[WhiteElo "2441"]
[BlackElo "2456"]
[Annotator "TA"]
[PlyCount "98"]
[EventDate "2022.07.29"]
[EventType "team-tourn"]
[EventCountry "IND"]
[SourceTitle "playchess.com"]
[Source "ChessBase"]
[SourceQuality "1"]
[WhiteTeam "Armenia"]
[BlackTeam "Israel"]
[WhiteTeamCountry "ARM"]
[BlackTeamCountry "ISR"]

1. Nf3 c5 2. c4 Nc6 3. g3 g6 4. Bg2 Bg7 5. O-O d6 6. Nc3 Rb8 7. e3 Nf6 8. d4 O-O 9. h3 a6 10. a4 Nb4 11. Qe2 Nd7 12. Rd1 b6 13. d5 Qc7 14. e4 e5 15. Be3 Nf6 16. Ne1 Ne8 17. f4 f5 18. Nf3 fxe4 19. Nxe4 Bf5 20. Nfg5 Qe7 21. Rd2 h6 22. Ne6 Bxe6 23. dxe6 Qxe6 24. fxe5 Qxe5 25. Rf1 Rxf1+ 26. Qxf1 Qe7 27. Qf4 Rd8 28. Bf2 g5 29. Qf5 Nc7 30. Qg6 Ne6 31. Nc3 Qf7 32. Qe4 Nd4 33. Qg4 Qxc4 34. h4 gxh4 35. Be3 Qe6 36. Qxe6+ Nxe6 37. Nd5 Nxd5 38. Bxd5 Kf7 39. b4 Ke7 40. gxh4 Nd4 41. Rg2 Nf5 42. Bd2 Bd4+ 43. Kf1 cxb4 44. Ke2 Bc3 45. Bc1 Kf6 46. Kd3 Rd7 47. Rf2 Ke5 48. Bc4 Rg7 49. Re2+ Kf6 1/2-1/2

[Event "44th Chess Olympiad Women 2022"]
[Site "Chennai"]
[Date "2022.08.05"]
[Round "7.5"]
[White "Sargsyan, Anna M."]
[Black "Klinova, Masha"]
[Result "1/2-1/2"]
[WhiteElo "2378"]
[BlackElo "2251"]
[Annotator "TA"]
[PlyCount "97"]
[EventDate "2022.07.29"]
[EventType "team-tourn"]
[EventCountry "IND"]
[SourceTitle "playchess.com"]
[Source "ChessBase"]
[SourceQuality "1"]
[WhiteTeam "Armenia"]
[BlackTeam "Israel"]
[WhiteTeamCountry "ARM"]
[BlackTeamCountry "ISR"]

1. d4 d6 2. e4 Nf6 3. Nc3 g6 4. f4 Bg7 5. Nf3 O-O 6. Bd3 Nc6 7. e5 dxe5 8. fxe5 Nh5 9. Be3 Bg4 10. Be2 f6 11. exf6 exf6 12. Qd2 Re8 13. O-O-O Qe7 14. Rhe1 Kh8 15. Nd5 Qd6 16. c4 Ne7 17. Nc3 Nf5 18. Ng5 fxg5 19. Bxg4 Nxe3 20. Rxe3 Qxh2 21. Rh3 Qf4 22. Bxh5 Qxd2+ 23. Rxd2 gxh5 24. Rxh5 c6 25. Kc2 h6 26. d5 cxd5 27. Rxd5 Rac8 28. Kb3 Kg8 29. Rd7 Rb8 30. Nd5 Rf8 31. Rh3 Rf7 32. Rxf7 Kxf7 33. Rf3+ Ke6 34. Nc7+ Ke7 35. Nd5+ Ke6 36. Nc7+ Ke7 37. Re3+ Kd7 38. Ne6 Bf8 39. g4 Re8 40. Nxf8+ Rxf8 41. Rh3 Rf4 42. Rxh6 Rxg4 43. Rh7+ Kc6 44. Kb4 Rg2 45. b3 Rxa2 46. Rh6+ Kc7 47. Rh7+ Kc6 48. Rh6+ Kc7 49. Rh7+ 1/2-1/2

[Event "44th Chess Olympiad Women 2022"]
[Site "Chennai"]
[Date "2022.08.05"]
[Round "7.5"]
[White "Belenkaya, Dina"]
[Black "Mkrtchian, Lilit"]
[Result "1/2-1/2"]
[WhiteElo "2256"]
[BlackElo "2362"]
[Annotator "TA"]
[PlyCount "99"]
[EventDate "2022.07.29"]
[EventType "team-tourn"]
[EventCountry "IND"]
[SourceTitle "playchess.com"]
[Source "ChessBase"]
[SourceQuality "1"]
[WhiteTeam "Israel"]
[BlackTeam "Armenia"]
[WhiteTeamCountry "ISR"]
[BlackTeamCountry "ARM"]

1. e4 c5 2. Nf3 Nc6 3. Bb5 d6 4. O-O Bd7 5. Re1 Nf6 6. c3 a6 7. Bf1 Bg4 8. d3 e6 9. Nbd2 Be7 10. a3 d5 11. Qc2 Rc8 12. Be2 O-O 13. Nf1 b5 14. Ng3 d4 15. c4 bxc4 16. dxc4 h5 17. h4 Nd7 18. Ng5 Nde5 19. Bxg4 hxg4 20. Qd1 Qd7 21. f4 gxf3 22. gxf3 f6 23. Nh3 d3 24. Kh1 Nxc4 25. Bd2 Nd4 26. Nh5 Qe8 27. N3f4 e5 28. Rg1 Rf7 29. Nxd3 Qd7 30. Nf2 Rd8 31. Bh6 Bf8 32. Ng4 Kh8 33. Bc1 f5 34. exf5 Qxf5 35. Bg5 Rdd7 36. Ng3 Qxf3+ 37. Qxf3 Nxf3 38. Rg2 Rd4 39. Ne2 Rd3 40. Ng1 Nxg5 41. hxg5 Rf5 42. Nh2 g6 43. Rc1 Ne3 44. Rg3 e4 45. Rh3+ Kg7 46. Re1 Nd1 47. Ng4 Rxg5 48. Rxd3 exd3 49. Rxd1 Rxg4 50. Rxd3 1/2-1/2

[Event "44th Chess Olympiad Women 2022"]
[Site "Chennai"]
[Date "2022.08.05"]
[Round "7.6"]
[White "Abdumalik, Zhansaya"]
[Black "Vo, Thi Kim Phung"]
[Result "1-0"]
[WhiteElo "2495"]
[BlackElo "2333"]
[Annotator "TA"]
[PlyCount "139"]
[EventDate "2022.07.29"]
[EventType "team-tourn"]
[EventCountry "IND"]
[SourceTitle "playchess.com"]
[Source "ChessBase"]
[SourceQuality "1"]
[WhiteTeam "Kazakhstan"]
[BlackTeam "Vietnam"]
[WhiteTeamCountry "KAZ"]
[BlackTeamCountry "VIE"]

1. e4 e6 2. d4 d5 3. Nd2 c5 4. exd5 Qxd5 5. Ngf3 cxd4 6. Bc4 Qd6 7. O-O Nf6 8. Nb3 Nc6 9. Nbxd4 Nxd4 10. Nxd4 Bd7 11. c3 Qc7 12. Qe2 Rc8 13. Bb3 Bd6 14. g3 Bc5 15. Bf4 Qb6 16. Be5 Be7 17. Rad1 O-O 18. Rfe1 Rcd8 19. h4 Bc6 20. h5 Bd5 21. Bc2 Rc8 22. Bb1 Rfd8 23. b3 Nd7 24. Qd3 g6 25. Bf4 Bf6 26. c4 Nc5 27. Qe3 Be4 28. Bxe4 Nxe4 29. Qxe4 Bxd4 30. Qf3 Qc6 31. Kg2 Qxf3+ 32. Kxf3 Bc3 33. Rh1 Bf6 34. Be3 b6 35. g4 Bc3 36. g5 Kf8 37. Ke2 Ke7 38. Bc1 e5 39. Rd3 Rxd3 40. Kxd3 Bd4 41. f4 Ke6 42. Ke4 Rd8 43. Rd1 Re8 44. Rf1 f5+ 45. gxf6 Rf8 46. hxg6 hxg6 47. Rh1 Rxf6 48. Rh7 Bc5 49. Rxa7 exf4 50. Bxf4 g5 51. Bxg5 Rf2 52. Ra8 Re2+ 53. Kd3 Rg2 54. Bd2 Rg3+ 55. Kc2 Rg2 56. Re8+ Kd7 57. Re5 Kc6 58. Kd3 Rg3+ 59. Ke4 Rg2 60. Rd5 Re2+ 61. Kd3 Rg2 62. b4 Bd6 63. a4 Rg3+ 64. Kc2 Ra3 65. b5+ Kc7 66. Rxd6 Rxa4 67. Rc6+ Kb7 68. Kb3 Ra1 69. Be3 Rb1+ 70. Kc3 1-0

[Event "44th Chess Olympiad Women 2022"]
[Site "Chennai"]
[Date "2022.08.05"]
[Round "7.6"]
[White "Nakhbayeva, Guliskhan"]
[Black "Nguyen, Thi Mai Hung"]
[Result "1/2-1/2"]
[WhiteElo "2329"]
[BlackElo "2223"]
[Annotator "TA"]
[PlyCount "113"]
[EventDate "2022.07.29"]
[EventType "team-tourn"]
[EventCountry "IND"]
[SourceTitle "playchess.com"]
[Source "ChessBase"]
[SourceQuality "1"]
[WhiteTeam "Kazakhstan"]
[BlackTeam "Vietnam"]
[WhiteTeamCountry "KAZ"]
[BlackTeamCountry "VIE"]

1. d4 d5 2. c4 c6 3. Nc3 Nf6 4. e3 Bf5 5. cxd5 cxd5 6. Qb3 Bc8 7. Nf3 e6 8. Bb5+ Nc6 9. O-O Be7 10. Bd2 O-O 11. Rfc1 Na5 12. Qc2 a6 13. Bd3 h6 14. Na4 b5 15. Nc5 Nc4 16. Be1 Qb6 17. a4 Bb7 18. b3 Nd6 19. Ne5 Rfc8 20. f3 Qd8 21. axb5 Nxb5 22. Bxb5 Bxc5 23. dxc5 axb5 24. Rxa8 Bxa8 25. Bh4 g5 26. Bf2 Nd7 27. Nxd7 Qxd7 28. Qc3 Qe7 29. Bg3 f6 30. Bd6 Qf7 31. Ra1 Bc6 32. h3 Ra8 33. Rxa8+ Bxa8 34. Qa5 Bc6 35. Qd8+ Kg7 36. Kf2 Qe8 37. Qc7+ Qd7 38. Qb8 Qe8 39. Qb6 Qd7 40. Ke2 h5 41. Kd2 e5 42. Kc3 Kf7 43. Kb4 d4 44. exd4 exd4 45. Qa6 Qe8 46. Qa7+ Kg6 47. Qe7 Qxe7 48. Bxe7 f5 49. h4 g4 50. fxg4 hxg4 51. Bd6 Bxg2 52. Kxb5 Bd5 53. Kb4 Kh5 54. Bg3 f4 55. Bxf4 Kxh4 56. c6 Bxc6 57. Kc4 1/2-1/2

[Event "44th Chess Olympiad Women 2022"]
[Site "Chennai"]
[Date "2022.08.05"]
[Round "7.6"]
[White "Hoang, Thi Bao Tram"]
[Black "Assaubayeva, Bibisara"]
[Result "1/2-1/2"]
[WhiteElo "2288"]
[BlackElo "2436"]
[Annotator "TA"]
[PlyCount "84"]
[EventDate "2022.07.29"]
[EventType "team-tourn"]
[EventCountry "IND"]
[SourceTitle "playchess.com"]
[Source "ChessBase"]
[SourceQuality "1"]
[WhiteTeam "Vietnam"]
[BlackTeam "Kazakhstan"]
[WhiteTeamCountry "VIE"]
[BlackTeamCountry "KAZ"]

1. Nf3 c5 2. g3 g6 3. Bg2 Bg7 4. O-O Nc6 5. e4 e5 6. d3 Nge7 7. Be3 d6 8. c3 O-O 9. Na3 b6 10. Qd2 Re8 11. d4 exd4 12. cxd4 Bg4 13. Nc2 Qd7 14. Rfe1 Rad8 15. d5 Na5 16. Na3 Qa4 17. Bh6 Bxh6 18. Qxh6 Bxf3 19. Bxf3 Qd4 20. Rab1 a6 21. Red1 Qf6 22. Bg2 b5 23. b3 c4 24. Qe3 Rb8 25. b4 Nb7 26. Nc2 Nc8 27. Nd4 Nd8 28. Qa3 Re7 29. Qc3 Qg7 30. a4 bxa4 31. Qxc4 Ra8 32. Rbc1 Nb6 33. Qa2 Rb7 34. Qa3 Qf6 35. Rd3 Rab8 36. Ne2 Qe7 37. Rdc3 Nd7 38. Rc4 Nb6 39. R4c2 Nd7 40. Rc4 Nb6 41. R4c2 Nd7 42. Rc4 Nb6 1/2-1/2

[Event "44th Chess Olympiad Women 2022"]
[Site "Chennai"]
[Date "2022.08.05"]
[Round "7.7"]
[White "Vantika Agrawal"]
[Black "Tsolakidou, Stavroula"]
[Result "0-1"]
[WhiteElo "2371"]
[BlackElo "2362"]
[Annotator "TA"]
[PlyCount "82"]
[EventDate "2022.07.29"]
[EventType "team-tourn"]
[EventCountry "IND"]
[SourceTitle "playchess.com"]
[Source "ChessBase"]
[SourceQuality "1"]
[WhiteTeam "India"]
[BlackTeam "Greece"]
[WhiteTeamCountry "IND"]
[BlackTeamCountry "GRE"]

1. d4 Nf6 2. c4 e6 3. Nc3 Bb4 4. e3 O-O 5. Bd3 d5 6. cxd5 exd5 7. Nge2 Re8 8. O-O Bd6 9. Bd2 Nbd7 10. Nf4 c6 11. Qc2 Nf8 12. f3 Ne6 13. Nxe6 Bxe6 14. Ne2 Rc8 15. b4 Bb8 16. e4 dxe4 17. fxe4 Bg4 18. Be3 Bxe2 19. Qxe2 Nxe4 20. Qf3 Nf6 21. Bf5 Rc7 22. Rad1 Nd5 23. Bd2 g6 24. Bc2 Rd7 25. Qh3 Bd6 26. Bg5 Qc8 27. a3 Bf8 28. Rd2 Bg7 29. Bd1 Rf8 30. Bg4 f5 31. Bd1 Qe8 32. Bc2 Rd6 33. Qh4 Re6 34. Qf2 f4 35. Qf3 Re3 36. Qg4 Re1 37. Qf3 Qe3+ 38. Qxe3 Rxf1+ 39. Kxf1 fxe3+ 40. Ke1 exd2+ 41. Bxd2 Bxd4 0-1

[Event "44th Chess Olympiad Women 2022"]
[Site "Chennai"]
[Date "2022.08.05"]
[Round "7.7"]
[White "Gomes, Mary Ann"]
[Black "Pavlidou, Ekaterini"]
[Result "0-1"]
[WhiteElo "2324"]
[BlackElo "2138"]
[Annotator "TA"]
[PlyCount "90"]
[EventDate "2022.07.29"]
[EventType "team-tourn"]
[EventCountry "IND"]
[SourceTitle "playchess.com"]
[Source "ChessBase"]
[SourceQuality "1"]
[WhiteTeam "India"]
[BlackTeam "Greece"]
[WhiteTeamCountry "IND"]
[BlackTeamCountry "GRE"]

1. e4 c5 2. Nf3 d6 3. d4 cxd4 4. Nxd4 Nf6 5. Nc3 Nc6 6. Bg5 e6 7. Bb5 Bd7 8. Qd3 Be7 9. O-O-O h6 10. Bh4 a6 11. Bxc6 bxc6 12. Nb3 g5 13. e5 gxh4 14. exf6 Bf8 15. Qd4 c5 16. Qxh4 Qb6 17. Rhe1 O-O-O 18. Qh5 Be8 19. f4 Rg8 20. g4 d5 21. Nxd5 exd5 22. Qf5+ Kb8 23. Rxd5 Bd6 24. Red1 Bd7 25. Qd3 Bxf4+ 26. Kb1 Bc7 27. Nxc5 Bb5 28. Qf5 Rxd5 29. Rxd5 Rg5 30. Qf3 Bc6 31. Nd7+ Bxd7 32. Rxd7 Qg1+ 33. Rd1 Qxg4 34. Qd3 Qe6 35. a3 Qxf6 36. Rf1 Qe6 37. Qh7 Rg2 38. Qxf7 Qxf7 39. Rxf7 Rxh2 40. b4 h5 41. Kb2 h4 42. Kb3 h3 43. c4 Rh1 44. b5 axb5 45. cxb5 h2 0-1

[Event "44th Chess Olympiad Women 2022"]
[Site "Chennai"]
[Date "2022.08.05"]
[Round "7.7"]
[White "Avramidou, Anastasia"]
[Black "Soumya, Swaminathan"]
[Result "1-0"]
[WhiteElo "2274"]
[BlackElo "2335"]
[Annotator "TA"]
[PlyCount "91"]
[EventDate "2022.07.29"]
[EventType "team-tourn"]
[EventCountry "IND"]
[SourceTitle "playchess.com"]
[Source "ChessBase"]
[SourceQuality "1"]
[WhiteTeam "Greece"]
[BlackTeam "India"]
[WhiteTeamCountry "GRE"]
[BlackTeamCountry "IND"]

1. d4 Nf6 2. c4 g6 3. h4 Bg7 4. Nc3 d6 5. e4 Nc6 6. d5 Ne5 7. Be2 h5 8. Nh3 c6 9. Ng5 Bg4 10. f3 Bd7 11. Be3 a6 12. O-O cxd5 13. cxd5 b5 14. Bd4 Qb8 15. Qe1 O-O 16. Rd1 b4 17. Nb1 Bb5 18. f4 Neg4 19. f5 Nh7 20. Bxg7 Kxg7 21. Nxh7 Qb6+ 22. Kh1 Kxh7 23. Rf3 a5 24. Nd2 Rac8 25. Bxb5 Qxb5 26. Nb3 Qb6 27. Nd4 Rc4 28. fxg6+ Kxg6 29. Nf5 Re8 30. Qe2 Qc5 31. Rg3 Rc2 32. Rxg4+ Kf6 33. Qe3 Qxe3 34. Nxe3 Rxb2 35. Rg5 e5 36. dxe6 Kxe6 37. Rxa5 Rg8 38. Rxd6+ Kxd6 39. Nc4+ Kc6 40. Nxb2 Rg4 41. Rxh5 Rxe4 42. Nd3 f6 43. Rf5 Rxh4+ 44. Kg1 Rd4 45. Rxf6+ Kb5 46. Rf3 1-0

[Event "44th Chess Olympiad Women 2022"]
[Site "Chennai"]
[Date "2022.08.05"]
[Round "7.8"]
[White "Vega Gutierrez, Sabrina"]
[Black "Movsesian, Julia"]
[Result "1-0"]
[WhiteElo "2366"]
[BlackElo "2291"]
[Annotator "TA"]
[PlyCount "192"]
[EventDate "2022.07.29"]
[EventType "team-tourn"]
[EventCountry "IND"]
[SourceTitle "playchess.com"]
[Source "ChessBase"]
[SourceQuality "1"]
[WhiteTeam "Spain"]
[BlackTeam "Czech Republic"]
[WhiteTeamCountry "ESP"]
[BlackTeamCountry "CZE"]

1. e4 c5 2. Nf3 d6 3. d4 cxd4 4. Nxd4 Nf6 5. Nc3 g6 6. Bc4 Bg7 7. O-O O-O 8. Re1 Nc6 9. Nb3 a6 10. a4 Bg4 11. f3 Ne5 12. Bf1 Bd7 13. a5 Rc8 14. Nd5 Nxd5 15. exd5 Re8 16. c3 Qc7 17. h3 e6 18. Be3 Nc4 19. Bxc4 Qxc4 20. dxe6 Bxe6 21. Nd2 Qc6 22. Ra4 Bf5 23. Rb4 Qd5 24. Bd4 Qxa5 25. Rxe8+ Rxe8 26. Nc4 Qd5 27. Nb6 Qe6 28. Bxg7 Kxg7 29. Nd5 Qe1+ 30. Qxe1 Rxe1+ 31. Kf2 Re5 32. Nc7 Bc8 33. f4 Re7 34. Nd5 Re8 35. Rb6 Bd7 36. Rxd6 Bb5 37. Ne3 Kf8 38. c4 Bc6 39. g3 a5 40. Ng4 Ke7 41. Rd4 Rc8 42. Ne3 f5 43. Ke2 Be4 44. Kd2 Ke6 45. h4 Bf3 46. Nc2 Be4 47. Na3 Bc6 48. Ke3 Ke7 49. Rd3 Ke6 50. Rd1 Be4 51. Rd2 Bc6 52. c5 Bd5 53. Kd4 Be4 54. Nc4 Ra8 55. Kc3 Bc6 56. Rd6+ Ke7 57. Ne5 a4 58. Kb4 Be8 59. Rb6 Ra7 60. Ka3 Kd8 61. Rd6+ Ke7 62. Rb6 Kd8 63. Kb4 Ke7 64. h5 gxh5 65. Rh6 a3 66. bxa3 Ra4+ 67. Kb3 Re4 68. Rxh7+ Ke6 69. Rxb7 Kd5 70. Re7 Ba4+ 71. Kc3 Re3+ 72. Kb4 Re4+ 73. Kc3 Re3+ 74. Kb4 Re4+ 75. Ka5 Kxc5 76. Rc7+ Kd5 77. Nc4 Bc6 78. Nb6+ Kd6 79. Rh7 Rd4 80. Rh6+ Kc7 81. Rh7+ Kd6 82. Rh6+ Kc7 83. Rxh5 Rd3 84. a4 Rxg3 85. Rxf5 Kd6 86. Kb4 Ke6 87. Rc5 Bb7 88. Re5+ Kf7 89. Nc4 Rf3 90. f5 Kf6 91. Rb5 Be4 92. Nd6 Bc2 93. a5 Rb3+ 94. Kc5 Ra3 95. Kb6 Bd3 96. Rb4 Rc3 1-0